Fotografie so zemepisnými súradnicami

Bibliographic Details
Main Author: Géci, Ján (Author)
Format: Article
Language:Slovak
PhysicalDescription:Fotogr.
ISSN:1336-5754
Subjects:

MARC

LEADER 00000nab a2200000 ar4500
001 vtls008997689
003 SK-MaSNL
005 20260303065817.0
008 070611c2007 xo |||||||||||000 b|slo
015 |a SNBRB2007/06  |2 snkbucl 
038 |a SNKBUCL 
040 |a SNKBUCL  |b slo  |c SNKBUCL  |e AACR2 
041 0 |a slo 
044 |a xo  |c SK 
080 |a 77.089:004.932:621.398  |2 2001 
080 |a 621.398  |2 2001 
080 |a 004.932  |2 2001 
080 |a 629.056.8  |2 2001 
100 1 |a Géci, Ján  |4 aut  |9 277369 
245 1 0 |a Fotografie so zemepisnými súradnicami  |c Ján Géci 
300 |b Fotogr. 
650 0 7 |a satelitná navigácia  |2 snkbucl  |9 330377 
650 0 7 |a digitálna fotografia  |2 snkbucl  |9 20210 
650 0 7 |a geo-tagging  |2 snkbucl  |9 1065516 
773 0 |t DiGi revue  |g Roč. 3, č. 5 (2007), s. 16-17  |x 1336-5754 
852 |a SNK  |b KIS3GCP 
999 |c 1752800  |d 1754730